000 00799nam a2200301 c 4500
001 17722
003 DO-SdBNP
005 20180205152417.0
007 17722
008 130215s2008 sp a | |||| 000 0 spa
015 _a
017 _a
_b
020 _a9780470056233
035 _a
040 _aBPMSU
_bspa
_cBPMSU
_e
080 _a
100 1 _aAaker, David A.
_d
245 1 0 _aStrategic market management /
_c David A. Aaker,
260 _aEstados Unidos :
_bJohn Wiley y Sons,
_c2008
300 _a 322 p.:
_b
_c23 cm
337 _a
_2
490 0 _a
650 7 _aMERCADEO
_xPLANIFICAFICACION
_2
_v
650 7 _aMERCADEO
_xINNOVACIONES TECNOLÓGICAS
942 _2ddc
_cBK
945 _aInventariado, 2018 / BT
956 _a VMATEO
_b10
_c201608005
_dBPMSU
_f0069
999 _c11092
_d11092